College Football Matchups: Virginia - Statistics

General Stats
  • This quiz has been taken 79 times
    15 since last reset
  • The average score is 12 of 16
Answer Stats
Games Opponent Subdivision % Correct
130 North Carolina Power 4
100%
106 Virginia Tech Power 4
100%
77 Duke Power 4
93%
61 NC State Power 4
87%
50 Clemson Power 4
80%
80 Maryland Power 4
80%
21 Miami Power 4
80%
53 Wake Forest Power 4
80%
36 Richmond FCS
73%
23 West Virginia Power 4
73%
40 William & Mary FCS
73%
45 Georgia Tech Power 4
60%
35 South Carolina Power 4
60%
83 VMI FCS
53%
39 Navy Group of 5
47%
21 Vanderbilt Power 4
27%
No matching quizzes found
Score Distribution
Percent of People with Each Score
Percentile by Number Answered
Your Score History
You have not taken this quiz since the last reset